| 000 | 00536nam a2200145 a 4500 | ||
|---|---|---|---|
| 001 | 000038574 | ||
| 005 | 20201002031312.0 | ||
| 008 | 130415s2006 dr 000 0 spa d | ||
| 040 |
_aDO-SdBNP _bspa _cBNPHU |
||
| 245 | 0 | 0 |
_aManual de gestión penitenciaria / _cJosé Manuel abaud Soler...[et.al] ; presentación Francisco Dominguez Brito. |
| 260 |
_aSanto Domingo : _bProcuraduria General de la República, _c2006. |
||
| 300 |
_a392 p. ; _c25 cm. |
||
| 700 | 1 |
_aAbaud Soler, José Manue _964914 |
|
| 700 | 1 |
_aDominguez Brito, Francisco _910323 |
|
| 999 |
_c38064 _d38064 |
||